Quizzes
Events
Quiz Creation
Community
Videos
Private Events
Remove Ads
Sign In
Join for FREE
Feedback
Dark Mode
Quiz Categories
Sports
Geography
Music
Movies
Television
Just For Fun
Miscellaneous
History
Literature
Language
Science
Gaming
Entertainment
Religion
Holiday
For Kids
Quiz Lab
Recent
Popular Today
Quiz Kudos Today
Editor Picks
Curator Picks
Quizzes by...
Day
Popularity
Type
Ratings
Length
Year
Community
Subscriptions
Recent Discussions
Orange Saloon
Badges
Playlists
Quests
Create
Leaderboards
Showdown
Live 5
Trivia Bingo
Activity
Puzzle Library
Sporcle Events
Private Events
Virtual Trivia
Globe League
Become a Host
Pub Owners
SporcleCon
Opinionation
Our Games
Videos
Blog
Mobile Apps
Partnerships
Remove Ads and Go Orange
Feedback
Geography
Country
Landmarks
City
State
Population
World
Capital
Continent
Flags
Europe
Africa
Asia
South America
North America
Oceania
Border
Canada
United Kingdom
Topography
United States
Geography
Country
Landmarks
City
State
Population
World
Capital
Continent
Flags
Europe
Africa
Asia
South America
North America
Oceania
Border
Canada
United Kingdom
Topography
United States
Random Quiz
Search Sporcle
×
Quiz Lab
Quiz Lab
Geography
Country
Type in answers that appear in a list
Type in answers that appear in a list
Classic
Best Score? Go Orange.
Denver Airport Stats
Can you name the non-stop flights to Denver International Airport?
By
Roman
10m
176 Questions
696 Plays
696 Plays
696 Plays
Comments
Comments
Give Quiz Kudos
Give Quiz Kudos
-
- Ratings
hide this ad
More Info
Replay
Link that replays current quiz
Next Quiz
Link to next quiz in quiz playlist
You Got
0%
They Got
Avg Score
51%
Avg Friend Score
Upgrade to see
Score Distribution
Jump to the score distribution portion of the page
Score
0/176
Timer
10:00
0
Plays Today
Airline(s)
City
% Correct
American Airlines,Frontier Airlines,United Airlines,United Express
Dallas
96%
Air Canada,United Express
Toronto
95.8%
American Airlines,Frontier Airlines,Southwest Airlines,United Airlines
Chicago
95.5%
Alaska Airlines,Frontier Airlines,Southwest Airlines,United Airlines,United Express
Portland
95.4%
Alaska Airlines,Frontier Airlines,Southwest Airlines,United Airlines,United Express
Seattle
95.4%
American Airlines,American Eagle,Frontier Airlines,Southwest Airlines,United Airlines
Los Angeles
95%
AirTran Airways,Delta Airlines,Frontier Airlines
Atlanta
94.5%
American Airlines,United Airlines
Miami
94.4%
Continental Airlines,Frontier Airlines,Southwest Airlines,United Airlines,United Express
Houston
94.4%
Aeromexico,Mexicana,United Airlines
Mexico City
93.7%
Delta Airlines,Frontier Airlines,Southwest Airlines,United Express
Detroit
92.2%
Continental Airlines,United Express
Cleveland
92%
AirTran Airways
Milwaukee
91.2%
Frontier Airlines,United Express
Milwaukee
91.2%
Frontier Airlines,Southwest Airlines,United Airlines
Las Vegas
90.9%
Delta Airlines,Frontier Airlines,Jetblue,Southwest Airlines,United Airlines
New York
90.8%
Air Canada
Montreal
90.7%
Frontier Airlines,Southwest Airlines,United Airlines
San Francisco
90.2%
Frontier Airlines,Southwest Airlines,United Airlines,United Express
Kansas City
90.1%
Delta Airlines,Delta Connection,Frontier Airlines,Southwest Airlines,United Airlines,United Express
Salt Lake City
89.8%
Alaska Airlines,Frontier Airlines,United Airlines
Anchorage
89.7%
Frontier Airlines,Southwest Airlines,United Airlines,United Express
San Diego
88.4%
Delta Airlines,United Express
Cincinnati
87.8%
Delta Airlines,Frontier Airlines,Southwest Airlines,United Airlines,United Express
Minneapolis
87.4%
Frontier Airlines,Southwest Airlines,United Express
Saint Louis
87.2%
British Airways,United Airlines
London
86.8%
Frontier Airlines,Southwest Airlines,United Airlines,United Express
Oklahoma City
86.5%
United Airlines,United Express
Columbus
85.9%
Frontier Airlines,Southwest Airlines,United Airlines
Orlando
84.9%
Frontier Airlines,Southwest Airlines,United Airlines,United Express
Boise
84.1%
Southwest Airlines,United Airlines,United Express
Reno
84.1%
Frontier Airlines,United Express
Colorado Springs
83.6%
Continental Airlines,United Airlines
Newark
83.2%
Delta Connection
Memphis
83.2%
Frontier Airlines,Southwest Airlines,United Airlines,United Express
San Jose
83.2%
Frontier Airlines
San Jose
83.2%
United Express
Memphis
83.2%
Frontier Airlines,Southwest Airlines,United Express
Nashville
82.3%
Frontier Airlines,Southwest Airlines,United Airlines,United Express
Phoenix
82.2%
Frontier Airlines,Southwest Airlines,United Airlines,United Express
Philadelphia
81.9%
Frontier Airlines,Southwest Airlines,United Airlines,United Express
Tampa
81.6%
Frontier Airlines,Southwest Airlines,United Airlines,United Express
San Antonio
81.5%
Frontier Airlines,Southwest Airlines,United Express
Austin
80.7%
Frontier Airlines,Southwest Airlines,United Airlines,United Express
Omaha
80.5%
Frontier Airlines,Southwest Airlines,United Airlines,United Express
Albuquerque
80%
Southwest Airlines,United Airlines
Oakland
79.2%
Frontier Airlines,United Express
Madison
78.7%
Frontier Airlines,Southwest Airlines,United Airlines,United Express
New Orleans
78.3%
US Airways
Charlotte
78%
Frontier Airlines,Southwest Airlines,United Airlines,United Express
Sacramento
77.9%
Frontier Airlines,Southwest Airlines,United Airlines,United Express
Washington
77.7%
Southwest Airlines,United Airlines.United Express
Tulsa
77.6%
United Airlines,United Express
Vancouver
76%
United Airlines,United Express
Des Moines
75.9%
Frontier Airlines,Southwest Airlines
Indianapolis
75.7%
United Airlines
Honolulu
75.4%
United Airlines,United Express
Calgary
74.7%
United Airlines
Pittsburgh
74.7%
Southwest Airlines
Raleigh
74.6%
Airline(s)
City
% Correct
United Express
Lincoln
73.4%
Frontier Airlines,United Express
Louisville
72.8%
Frontier Airlines,Southwest Airlines
Tucson
72.8%
JetBlue,Southwest Airlines,United Airlines
Boston
72.4%
Great Lakes Airlines
Cheyenne
71.7%
United Express
El Paso
71.7%
Frontier Airlines,United Airlines
Cancun
70.4%
Southwest Airlines
Hartford
69.7%
Southwest Airlines,United Airlines
Baltimore
68.7%
United Express
Edmonton
68.2%
Frontier Airlines,Great Lakes Airlines,United Airlines,United Express
Billings
68.1%
Frontier Airlines,Southwest Airlines,United Airlines,United Express
Spokane
65.8%
Frontier Airlines,United Airlines,United Express
Wichita
65.2%
United Express
Helena
62.8%
Frontier Airlines
Akron
62.4%
Frontier Airlines,United Express
Dayton
62.2%
United Airlines,United Express
Sioux Falls
61.6%
Frontier Airlines,United Express
Aspen
61.2%
Frontier Airlines,Southwest Airlines
Fort Lauderdale
60.2%
Frontier Airlines,United Express
Grand Rapids
59.9%
United Express
Fargo
59.5%
Frontier Airlines
Green Bay
59.3%
United Airlines,United Express
Eagle
59.3%
United Express
Fresno
58.8%
United Express
Little Rock
57.8%
Frontier Airlines,United Airlines,United Express
Jackson Hole
56.8%
United Express
Birmingham
56.5%
Frontier Airlines
Fairbanks
53.9%
United Express
Burbank
53.2%
United Express
Bismarck
52.7%
Southwest Airlines,United Airlines,United Express
Ontario
52.6%
United Express
Eugene
52.6%
United Express
Winnipeg
52.3%
Frontier Airlines,Southwest Airlines,United Airlines
Orange County
51.9%
United Express
Ottawa
51.4%
Lufthansas
Frankfurt
51.1%
United Express
Grand Junction
51.1%
United Express
Casper
50.7%
Frontier Airlines
Long Beach
49.1%
Frontier Airlines,United Express
Rapid City
49.1%
Great Lakes Airlines
Pierre
48.3%
Great Lakes Airlines
Pueblo
47.4%
Frontier Airlines,United Airlines,United Express
Bozeman
46.3%
United Express
Knoxville
45.5%
Southwest Airlines
Amarillo
44.5%
United Express
Bakersfield
44.5%
Frontier Airlines
Fort Myers
43.7%
Frontier Airlines,United Express
Durango
43%
United Express
Missoula
42.7%
United Express
Regina
39.7%
United Airlines,United Express
Palm Springs
38.2%
United Airlines,United Express
Hayden
37.8%
United Express
Cedar Rapids
37.2%
United Express
Saskatoon
36.2%
Frontier Airlines,United Express
Santa Barbara
36.1%
Frontier Airlines
Cozumel
34.5%
United Express
Idaho Falls
33.8%
Great Lakes Airlines
Laramie
33.6%
United Airlines
Kona
33%
Airline(s)
City
% Correct
Frontier Airlines,United Airlines
Puerto Vallarta
32%
Frontier Airlines
Branson
31.6%
United Express
Great Falls
30.3%
United Airlines,United Express
Montrose
28.9%
United Airlines
Lihue
28.4%
United Express
Fayetteville
28%
United Express
Redmond
27.9%
United Express
Peoria
26.7%
United Airlines
Kahului
25.7%
United Airlines
Gunnison
25.4%
United Express
Cody
25%
United Express
Monterey
24.7%
Great Lakes Airlines
Telluride
24.3%
United Express
Huntsville
24%
United Express
Midland
23.9%
United Express
Medford
23.3%
Frontier Airlines
Newport News
23%
United Express
Moline
22.7%
United Express
Kalispell
22.1%
United Express
Minot
22.1%
United Airlines
Appleton
21.6%
Great Lakes Airlines
Grand Island
21%
Great Lakes Airlines
Dodge City
18.1%
Frontier Airlines,United Airlines
San Jose del Cabo
17.8%
Great Lakes Airlines
Scottsbluff
17.8%
Frontier Airlines
Mazatlan
17.2%
United Express
Pasco
17.1%
Great Lakes Airlines
North Platte
15.7%
Great Lakes Airlines
Kearney
15.5%
Great Lakes AIrlines
Sheridan
14.8%
Great Lakes Airlines
Farmington
14.1%
Great Lakes Airlines
Prescott
13.4%
Great Lakes Airlines,United Express
Rock Springs
12.9%
Great Lakes Airlines
Garden City
11.1%
Great Lakes Airlines
Moab
10.8%
Great Lakes Airlines
Hays
10.5%
Great Lakes Airlines
Alamosa
10.1%
Great Lakes Airlines
Cortez
9.5%
Great Lakes Airlines
Liberal
9.1%
Great Lakes Airlines
Dickinson
8.8%
Great Lakes Airlines
Ely
7.3%
Great Lakes Airlines
Page
7.2%
Great Lakes Airlines
Williston
7%
Great Lakes Airlines
Alliance
6.8%
Great Lakes Airlines,United Express
Gilette
5.7%
Great Lakes Airlines
Glasgow
5.7%
Great Lakes Airlines
Riverton
5.5%
Great Lakes Airlines
Havre
4.6%
Great Lakes Airlines
Chadron
4.3%
Great Lakes Airlines
McCook
3.9%
Great Lakes Airlines
Sidney
3.7%
Great Lakes Airlines
Great Bend
2.4%
Great Lakes Airlines
Miles City
2.4%
Great Lakes Airlines
Vernal
2.4%
Great Lakes Airlines
Worland
1.6%
Great Lakes Airlines
Wolf Point
1.3%
Great Lakes Airlines
Huron
1%
Great Lakes Airlines
Lewistown
0.7%
Quiz Playlist
Details
Report
Send in Message
Add To Playlist
More Info:
Three airports are located in a different state then their city.
Classic:
Type in answers that appear in a list
Quiz Source
Last Updated: Feb 16, 2017
Quiz Scoreboard
CHALLENGE
Sign Up to Join the Scoreboard
Show All
Scores
Hide
Comments
May contain spoilers
Recently Published
Pick 6: Fruits
by JohnFran
Miscellaneous
15s
Click the 1999 NBA Draft
by nibperrychub
Sports
2m
Alphabetical 'K' Countries by Flag Minefield
by ylime102
Geography
3m
More to Explore
Quiz From the Vault
Featured Blog Post
15 Basketball Trivia Facts You Can Be March Mad About
hide this ad
You Might Also Like...
Tags
City Quiz
Country Quiz
Airline
airport
Denver
Denver International
flight
International
non-stop
Today's Top Quizzes in Geography
Browse Geography
hide this ad
Today's Top Quizzes in Country
Browse Country
Top Contributed Quizzes in Geography
1
Countries of the World - No Outlines Minefield
2
Pick 6: Mountains
3
Alphabetical 'L' Countries By Flag Minefield
4
Lietuvos savivaldybės (Lithuanian Municipalities)
5
Least Populated Answer: 'G' Countries
6
African Flag Reveal XXXVI
7
Pick 6: US States
8
Pick 6: National Parks
9
Alphabetical 'M' Countries By Flag Minefield
10
Complete the Map Snippet (Minefield) IX
Explore More
Trending Topics
Marvel
Crossword
Harry Potter
Kpop
NBA
Anime
Disney
The Office
NFL
Puzzle
Soccer
Song
WWE
Country
Pokémon
hide this ad
More By:
Roman
Quiz
Plays
Rating
Category
Featured
Created
Most Developed Countries
165,645
4.42
Geography
Dec 1, 2009
US Largest Cities (1910)
140,055
4.61
Geography
Nov 11, 2009
US Largest Cities (1920)
129,907
4.62
Geography
Dec 1, 2009
US Largest Cities (1960)
100,854
4.61
Geography
Jan 5, 2010
Sahara Countries
26,643
4.60
Geography
Nov 4, 2009
Go to Creator's Profile
Score Distribution
Quiz Creator Spotlight
Roman
Follow
Send a Message
Quizzes Created
-
Created Quiz Play Count
-
More By This Creator
Popular Quizzes Today
1
Countries of Asia Without Outlines Minefield
2
Find the US States - No Outlines Minefield
3
Pick 6: Fruits
4
Alphabetical 'K' Countries by Flag Minefield
5
The Countries of the World
6
Find the US States
7
Match the Book to the Film X
8
US States
More Geography Quizzes
'A' Countries Flags
Published
Trending Quizzes
Pick 6: Harry Potter
Pick 6: Mountains
Pick 6: NFL Teams
Pick 6: Movie Franchises
Pick 6: Golfers
Recently Updated
NWSL Teams
pecheneg
Women's Final Four Teams by Year
bhenderson79
Presidents Quartet II
eogle
Anything But Clue(do)
eogle
Anything But Oceanian Capitals
eogle
Anything But 7
eogle
Anything But Thing
eogle
Word Ladder: February 29
pecheneg
Song Title Questions
pecheneg
Women's NCAA Tournament #1 Seeds
pecheneg
Trending Topics
Crossword
Kpop
Marvel
Anime
NBA
Harry Potter
Disney
Song
Pokémon
Country
WWE
NFL
Puzzle
The Office
Soccer
Your Account Isn't Verified!
In order to create a playlist on Sporcle, you need to verify the email address you used during registration. Go to your
Sporcle Settings
to finish the process.
Report this User
Report this user for behavior that violates our
Community Guidelines
.
Details:
Send Report
Go to the Sporcle.com Mobile Site →
Comments